LEADER 01167nam a2200241 i 4500 001 000000145086 003 CaOOAMICUS 005 20051116000000.0 008 051116s1951 fr u000 u fre u 013 $a120478 040 $aSeMil$bita 100 1 $aWaelhens, Alphonse : de.$0(OLS)http://semarc/name/34740 245 14$aUne philosophie de l'ambiguïté :$bl'existentialisme de Maurice Merleau-Ponty /$cpar A. de Waelhens. 260 $aLouvain :$bPublications Universitaires de Louvain,$c1951. 300 $aVI, 408 p. ;$c24 cm. 490 0 $aBibliothèque philosophique de Louvain ;$v9 650 4$aEsistenzialismo - Filosofia.$0(OLS)http://semarc/subject/5568 650 4$aMerleau-Ponty, Maurice.$0(OLS)http://semarc/subject/7105 830 0$aBibliothèque philosophique de Louvain ;$v9.$0(OLS)http://semarc/title/8156 850 $aSeMil 852 $aSeMil$W1$xVenegono$y1$m2R V 100$j97908$B97908$CSeMilBibl$Z2$F105916 $81 996 $6245$aUne philosophie de l'ambiguïté :$bl'existentialisme de Maurice Merleau-Ponty$9(OLS)http://semarc/title/212203 996 $6260$aLouvain :$bPublications Universitaires de Louvain$9(OLS)http://semarc/publisher/33199 LEADER 01098nam a2200253 i 4500 001 000000149954 003 CaOOAMICUS 005 20060426000000.0 008 060426s2003 it u000 u ita u 013 $a127286 040 $aSeMil$bita 245 13$aUn libro ... tante storie :$b1953 - 2003 : la Casa di riposo di Monticello Brianza nel cinquantesimo anniversario dell'apertura. 260 $aBarzago (Lc) :$bMarna,$c2003. 300 $a140 p. ill. ;$c22 cm. 490 0 $aTracce 500 $aDono del card. Dionigi Tettamanzi. 650 4$aMonticello Brianza - Casa di riposo.$0(OLS)http://semarc/subject/29326 830 0$aTracce.$0(OLS)http://semarc/title/11408 850 $aSeMil 852 $aSeMil$W1$xVenegono$y1$m3P I 3$j102132$B102132$CSeMilBibl$Z2$F111863 $81 941 1 $a5 961 $aOmaggio: Tettamanzi Card. Dionigi 996 $6245$aUn libro ... tante storie :$b1953 - 2003 : la Casa di riposo di Monticello Brianza nel cinquantesimo anniversario dell'apertura$9(OLS)http://semarc/title/219237 996 $6260$aBarzago (Lc) :$bMarna$9(OLS)http://semarc/publisher/32565